01339cam a22003495a 45000010009000000050017000090080041000260200018000670400028000850820022001131000026001352450115001612460028002762500045003042600039003493000034003885040051004226500042004736500053005156500021005686500021005896510010006106530023006206550024006437000020006677000043006877100051007307100055007819420008008369990017008449520128008611717111520171119110246.0120217t2011 vaua frb 001 0 eng d a9781562867010 aDLCcDLCbengdEG-ScBUE04222a658.3124bSTO1 aStolovitch, Harold D.10aTelling ain't training /cHarold D. Stolovitch and Erica J. Keeps ; with contributions from Marc J. Rosenberg.3 aTelling is not training aUpdated, expanded, and enhanced, 2nd ed. aAlexandria :bASTD Press,cc.2011. axvi, 293 p. :bill. ;c26 cm. aIncludes bibliographical references and index. 7aEmployeesxTraining of.2BUEsh933927 7aEmployee training personnelxTraining of.2BUEsh 7aTraining.2BUEsh 7aLearning.2BUEsh 2BUEsh bGGENcNovember2017 vReading book9342321 aKeeps, Erica J.1 aRosenberg, Marc Jeffrey,econtributor.2 aAmerican Society for Training and Development.2 aInternational Society for Performance Improvement. 2ddc c25604d25576 00102ddc40708BaccahaMAINbMAINc1STd2017-11-19ePurchaseg850.00l0o658.3124 STOp000042506r2025-07-15 00:00:00yBB